The Macro view on micro units (Record no. 115501)

MARC details
000 -LEADER
fixed length control field 01330cam a22003015a 4500
001 - CONTROL NUMBER
control field L158781
008 - FIXED-LENGTH DATA ELEMENTS--GENERAL INFORMATION
fixed length control field 150720s2014 xxk f 000 0 eng d
035 ## - SYSTEM CONTROL NUMBER
System control number (Sirsi) u158781
041 0# - LANGUAGE CODE
Language code of text/sound track or separate title eng
050 04 - LIBRARY OF CONGRESS CALL NUMBER
Classification number 711.52
110 2# - MAIN ENTRY--CORPORATE NAME
Corporate name or jurisdiction name as entry element Urban Land Institute
9 (RLIN) 3094
245 04 - TITLE STATEMENT
Title The Macro view on micro units
Medium [electronic resource]
260 ## - PUBLICATION, DISTRIBUTION, ETC.
Place of publication, distribution, etc. Washington
Name of publisher, distributor, etc. The Urban Land Institute
Date of publication, distribution, etc. 2014
300 ## - PHYSICAL DESCRIPTION
Extent 46 p.
520 ## - SUMMARY, ETC.
Summary, etc. Evaluates from multiple perspectives the market performance and market acceptance of micro and small units in USA cities. This research suggests that micro units ? typically larger than a one-car garage, smaller than a double ? have staying power as a housing type that appeals to urban dwellers in high-cost markets who are willing to trade space for improved affordability and proximity to downtown neighborhoods.
650 24 - SUBJECT ADDED ENTRY--TOPICAL TERM
Topical term or geographic name entry element URBAN PLANNING
650 24 - SUBJECT ADDED ENTRY--TOPICAL TERM
Topical term or geographic name entry element SMALL UNITS
650 24 - SUBJECT ADDED ENTRY--TOPICAL TERM
Topical term or geographic name entry element AFFORDABLE HOUSING
9 (RLIN) 6215
651 #4 - SUBJECT ADDED ENTRY--GEOGRAPHIC NAME
Geographic name United States
Chronological subdivision 1959-
690 ## - LOCAL SUBJECT ADDED ENTRY--TOPICAL TERM (OCLC, RLIN)
Topical term or geographic name as entry element Planning and development
9 (RLIN) 6259
690 ## - LOCAL SUBJECT ADDED ENTRY--TOPICAL TERM (OCLC, RLIN)
Topical term or geographic name as entry element Residential property
9 (RLIN) 6266
710 1# - ADDED ENTRY--CORPORATE NAME
Corporate name or jurisdiction name as entry element Urban Land Institute Foundation
710 1# - ADDED ENTRY--CORPORATE NAME
Corporate name or jurisdiction name as entry element MPF Research
710 1# - ADDED ENTRY--CORPORATE NAME
Corporate name or jurisdiction name as entry element Kingsley Associates
710 1# - ADDED ENTRY--CORPORATE NAME
Corporate name or jurisdiction name as entry element RCLCO
856 40 - ELECTRONIC LOCATION AND ACCESS
Uniform Resource Identifier <a href="https://uli.org/wp-content/uploads/ULI-Documents/MicroUnit_full_rev_2015.pdf">https://uli.org/wp-content/uploads/ULI-Documents/MicroUnit_full_rev_2015.pdf</a>
Public note View this item at uli.org
942 ## - ADDED ENTRY ELEMENTS (KOHA)
Suppress in OPAC 0
Holdings
Withdrawn status Lost status Source of classification or shelving scheme Damaged status Not for loan Home library Current library Shelving location Date acquired Total Checkouts Full call number Barcode Date last seen Copy number Price effective from Koha item type
    Dewey Decimal Classification     Virtual Virtual Online 20/07/2015   ONLINE PUBLICATION 158781-1001 06/08/2019 1 06/08/2019 Book